Well Known Personages - Obscure Hints - Statistics

General Stats
  • This quiz has been taken 19 times
  • The average score is 4 of 15
Answer Stats
HisHint Answer % Correct
'Artist' who raised massive profits for a food company. Black polo neck sweaters. Strange but interesting friends. Andy Warhol
71%
The master of 'The Right Place at the Right Time'. Boer War... No Show. Third Balkan War... No Show. First World War... No Show. Industrial Upheavals in the UK... No Show... World War Two... "It's about time!" Winston Churchill
64%
He egressed an edifice and people think it remarkable. Elvis Presley
50%
Three movies. Immortalised. His last film has his character's first appearance leaning on a horse's ass. James Dean
36%
A poster image of all that is American. He was there at Bunker's Hill, Yorktown... pulled his sword out of retirement for New Orleans. First Bull Run, Antietam, Chancellorsville, Second Manassas. Saw the surrender of the Japanese at Iwo Jima. John Wayne
36%
He vehemently promoted the idea of a British supremacy over an uncivilised world... until his son was killed at the First Battle of the Somme. Rudyard Kipling
29%
"Artillery is the god of war." Joseph Stalin
21%
"You killed Miles and you're going over for it!" Movie quote. Humphrey Bogart
14%
He saw the aftermath of a terrible road accident. It gave him poetic insight. Alas, rubber duck. In the City of Light. Jimmy Morrison
14%
"I've heard that you're a low-down, Yankee liar." Movie quote. Alan Ladd
7%
Painted quite attractive pictures of landscapes, people... talented, avant garde musician. Painted a monarch. The wind came out of his didgeridoo when his parachute got him stuck in a yew tree. Rolf Harris
7%
She loved solid elements of carbon but was hesitant to return them to her benefactor at the closure. Zsa Zsa Gabor
7%
"Love is never having to say you're sorry." Barbara Streisand
0%
"My politics come out of the barrel of a gun." Mao Tsung
0%
"I have nothing against the brutality of these Nazi types, Hans... it's that ******* salute of theirs... I will end up getting an eye poked out." Walther von Brauchitsch
0%
No matching quizzes found
Score Distribution
Percent of People with Each Score
Percentile by Number Answered
Your Score History
You have not taken this quiz